000 00667nam a2200193 a 4500
008 101029s2004 ||||||||||||||||| || u
020 _a1861974744
050 _aHD 30.28 Fri
100 _aZehle, Stefan
245 1 0 _aGuide to business planning
_cby Graham Friend and Stefan Zehle
246 _aThe economist
260 _aLondon:
_bThe Economist
_c2004
300 _a[ii], 281p.: ill
350 _a0.00
650 0 _aBUSINESS
650 0 _aBUSINESS PLANNING
700 _aFriend, Graham
995 _D0.00
_FCBU-MAIN LIBRARY (Kitwe)
_H1
_I0.00
_M1
_UAVAILABLE
_WJan 6, 2011
_ZMain Library Open Access Collection
999 _c45082
_d45082